000 01104cam a22003014a 4500
005 20260322212024.0
008 data
010 _a 2008908364
020 _a9780557000296 (pbk.)
020 _a0557000297
040 _aDLC
_cDLC
_dDLC
043 _an-us---
050 0 0 _aUG1313
_b.M56 2008
082 0 0 _a623.4/519
_222
092 _a623.4 M56 2008
100 1 _aMindling, George.
245 1 0 _aU.S. Air Force tactical missiles, 1949-1969 :
_bthe pioneers /
_cGeorge Mindling & Robert Bolton.
260 _a[S.l.] :
_bLulu,
_cc2008.
300 _avi, 301 p. :
_bill. ;
_c23 cm.
610 1 0 _aUnited States.
_bAir Force
_xHistory.
_xHistory.
610 1 0 _aUnited States.
_bAir Force
_xHistory.
_xHistory.
650 0 _aTactical missiles
_zUnited States
_xHistory.
700 1 _aBolton, Robert.
906 _a7
_bcbc
_corignew
_d2
_encip
_f20
_gy-nonroman
925 0 _aacquire
_b2 shelf copies
_xpolicy default
955 _erf09 2009-09-11 to Dewey
_wrd07 2010-01-21
_txg20 2011-01-13 copy 2 added
001 data
999 _c547
_d547